Biblioteca y Centro de Documentación

Vista normal Vista MARC

Entrada Nombre corporativo

Número de registros utilizados en: 51

001 - NÚMERO DE CONTROL

  • Campo de control: 2980

003 - IDENTIFICADOR DE NÚMERO DE CONTROL

  • Campo de control: ES-MaCES

005 - FECHA Y HORA DE LA ULTIMA MODIFICACION

  • Campo de control: 20071217105300.0

008 - ELEMENTOS DE DATOS DE LONGITUD FIJA

  • Campo de longitud fija: 071217 | azznnaabn |n ana d

035 ## - NÚMERO DE CONTROL DEL SISTEMA

  • Número de control del sistema: CES20070002620e

040 ## - FUENTE DE LA CATALOGACIÓN

  • Agencia original de catalogación: ES-MaCES
  • Idioma de catalogación: spa
  • Agencia de transcripción: ES-MaCES

110 1# - ENCABEZAMIENTO--NOMBRE CORPORATIVO

  • Nombre corporativo o de jurisdicción como elemento de entrada: España
  • Título de una obra: Ley de medidas en materia de Seguridad Social
  • Lugar de reunión o firma del tratado: 2007

670 ## - FUENTE DE DATOS ENCONTRADOS

  • Fuente de citación: BOE
  • Información encontrada: : Ley 40/2007, de 4 de diciembre, BOE núm. 291, de 5/12/2007

901 ## - CES. DATOS SIRTEX

  • ID Sirtex (N5N8): 0001800006982
  • 005BIS Sirtex: 200712171053ALORITE
© CES, Consejo Económico y Social de España 2021